| 000 -CABECERA |
| fixed length control field |
01109nam a22002537a 4500 |
| 003 - IDENTIFICADOR DEL NÚMERO DE CONTROL |
| control field |
AR-CdUCM |
| 008 - DATOS DE LONGITUD FIJA--INFORMACIÓN GENERAL |
| fixed length control field |
190427b ||||| |||| 00| 0 spa d |
| 040 ## - FUENTE DE LA CATALOGACIÓN |
| Agencia/entidad que catalogó originalmente la obra |
MUNICIPALIDAD PROVINCIAL DEL CUSCO |
| Entidad que transcribió la catalogación |
BIBLIOTECA MUNICIPAL DEL CUSCO |
| 082 ## - NÚMERO DE LA CLASIFICACIÓN DECIMAL DEWEY |
| No. de Clasificación |
508 / |
| Notacion interna |
C81 / 1918 |
| 100 ## - ENTRADA PRINCIPAL--NOMBRE DE PERSONA |
| Nombre Personal |
Conn, H. W. |
| 245 ## - MENCIÓN DE TÍTULO |
| Título |
Nociones de Microbiología : |
| Resto del título |
aplicadas a la agricultura, la industria, la medicina, etc. / |
| 260 ## - PUBLICACIÓN, DISTRIBUCIÓN, ETC. |
| Lugar de publicación, distribución, etc. |
New York : |
| Nombre de la editorial, distribuidor, etc. |
D. Appleton and Company, |
| Fecha de publicación, distribución, etc. |
1918 |
| 300 ## - DESCRIPCIÓN FÍSICA |
| Nº de Páginas Extensión |
189 páginas ; |
| Otros detalles físicos |
figuras, |
| Dimensiones |
15 cm. |
| 440 ## - MENCIÓN DE SERIE/PUNTO DE ACCESO ADICIONAL--TÍTULO |
| Título |
Nuevas Cartillas Científicas. |
| 9 (RLIN) |
34602 |
| 505 ## - NOTA DE CONTENIDO CON FORMATO |
| Nota de contenido formateada |
Contenido: Nuevas cartillas Científicas -- Aplicaciones de los microbios en las artes -- Los microbios en sus relaciones con leche y la fabricación de mantequilla y queso -- Los microbios en los procesos naturales -- Los microbios en sus relaciones con la agricultura ... |
| 650 ## - PUNTO DE ACCESO ADICIONAL DE MATERIA--TÉRMINO DE MATERIA |
| Descriptor |
Manufactura |
| 9 (RLIN) |
34603 |
| 650 ## - PUNTO DE ACCESO ADICIONAL DE MATERIA--TÉRMINO DE MATERIA |
| Descriptor |
Agricultura |
| 9 (RLIN) |
320 |
| 650 ## - PUNTO DE ACCESO ADICIONAL DE MATERIA--TÉRMINO DE MATERIA |
| Descriptor |
Leche |
| 9 (RLIN) |
21658 |
| 650 ## - PUNTO DE ACCESO ADICIONAL DE MATERIA--TÉRMINO DE MATERIA |
| Descriptor |
Bacteriología |
| 9 (RLIN) |
34604 |
| 700 ## - PUNTO DE ACCESO ADICIONAL--NOMBRE DE PERSONA |
| Nombre Personal |
Soler, Antonio (traducción) |
| 9 (RLIN) |
34605 |
| 942 ## - ELEMENTOS DE PUNTO DE ACCESO ADICIONAL (KOHA) |
| Fuente de clasificación |
|
| Tipo de item |
Libros-BMC |
| 945 ## - PROCESAMIENTO DE INFORMACIÓN LOCAL (OCLC) |
| Catalogador |
achl |
| AAAA-MM-DD - Fecha de ingreso o modificacion |
2019-04-27 |